| 000 | 00320nam a2200121Ia 4500 | ||
|---|---|---|---|
| 008 | 190216s9999||||xx |||||||||||||| ||und|| | ||
| 100 | _aSmirnov I I | ||
| 245 | 0 | _aSoviet Union Samkshipta Caritram | |
| 260 |
_bKerala Bhasha Institute _c1970 |
||
| 300 | _a492p | ||
| 650 | _aWorld History-History Of America | ||
| 942 | _cBK | ||
| 999 |
_c37605 _d37605 |
||